College trigonometry / (Record no. 13256)

000 -LEADER
fixed length control field 00650cam a2200181 4500
020 ## - INTERNATIONAL STANDARD BOOK NUMBER
ISBN 0879010282
040 ## - CATALOGING SOURCE
Transcribing agency DLC
082 00 - DEWEY DECIMAL CLASSIFICATION NUMBER
Classification number 516 WOR 1974 A026 Or.
100 1# - MAIN ENTRY--AUTHOR NAME
Personal name Munem, Mustafa A.
245 10 - TITLE STATEMENT
Title College trigonometry /
260 ## - PUBLICATION, DISTRIBUTION, ETC. (IMPRINT)
Place of publication [New York] :
Name of publisher Worth Publishers
Year of publication [1974]
300 ## - PHYSICAL DESCRIPTION
Number of Pages ix, 386 p. :
Other physical details ill. ;
Dimensions 25 cm.
500 ## - GENERAL NOTE
General note Supplemented by: Study guide to accompany College trigonometry / Munem, Tschirhart and Yizze. (243 p. : ill. ; 28 cm.) Published: New York : Worth Publishers, Inc., c1974. Call number: QA531.M86 Suppl.
650 #0 - SUBJECT ADDED ENTRY--TOPICAL TERM
Topical Term Trigonometry.
700 1# - ADDED ENTRY--PERSONAL NAME
Personal name Tschirhart, William.
700 1# - ADDED ENTRY--PERSONAL NAME
Personal name Yizze, James P.
942 ## - ADDED ENTRY ELEMENTS (KOHA)
Koha item type សៀវភៅភាសាអង់គ្លេស
952 ## - LOCATION AND ITEM INFORMATION (KOHA)
Withdrawn status [LOCAL, KOHA] 0
Holdings
Permanent Location Date acquired Koha item type Lost status Shelving location Barcode Current Location Full call number
Library Block A2017-08-22សៀវភៅភាសាអង់គ្លេស A026A16563Library Block A516 WOR 1974 A026 Or.
មជ្ឈមណ្ឌលឯការនៃសាកលវិទ្យាល័យភូមិន្ទកសិកម្មចំការដូង

Powered by Koha